000 00550nam a22001817a 4500
005 20251108164100.0
008 250721s1987 xx 000 0 ara d
082 1 4 _a814.962/شلس
100 1 _aشلس، علي
_eتحقيق
245 1 0 _aسلسلة الأعمال المجهولة :
_bمصطفى لطفي المنفلوطي /
264 1 _aلندن :
_bرياض الريس،
_c1987.
300 _a162ص
650 1 7 _aالأدب العربي
650 1 7 _aالمقالات العربية
650 1 7 _aمصر
942 _2ddc
_cBK
999 _c3139
_d3139